[Event "Moscow Time of the First U13"]
[Site "Moscow"]
[Date "2019.06.23"]
[Round "9"]
[White "Anisimov, Yuri"]
[Black "Asatryan, Leon"]
[Result "1-0"]
[WhiteElo "1882"]
[BlackElo "1561"]
[PlyCount "69"]
[EventDate "2019.06.17"]
[EventType "swiss"]
[EventRounds "9"]
[EventCountry "RUS"]
[SourceTitle "EXT 2021"]
[Source "ChessBase"]
[SourceDate "2020.10.23"]
[SourceVersion "1"]
[SourceVersionDate "2020.10.23"]
[SourceQuality "1"]

1. d4 d5 2. c4 dxc4 3. e3 Nf6 4. Bxc4 e6 5. Nf3 c5 6. 0-0 cxd4 7. Nxd4 Be7 8. Nc3 0-0 9. Qe2 a6 10. Rd1 Qc7 11. Bd2 Nc6 12. Nxc6 Qxc6 13. Rac1 b5 14. Bb3 Bb7 15. Nd5 Nxd5 16. Rxc6 Bxc6 17. e4 Nf6 18. f3 Nd7 19. Be3 Rac8 20. g3 Rfd8 21. Kg2 Bf6 22. Bd4 Bxd4 23. Rxd4 Nb6 24. Qd2 Nd7 25. Rd6 Kf8 26. Qb4 Ke8 27. g4 Nb8 28. Kg3 Rxd6 29. Qxd6 Nd7 30. h4 Bb7 31. h5 Rc6 32. Qd4 f6 33. Qa7 Nc5 34. Bc2 h6 35. Bb3 1-0

[Event "Moscow Time of the First U13"]
[Site "Moscow"]
[Date "2019.06.21"]
[Round "7"]
[White "Borgolov, Amgalan"]
[Black "Asatryan, Leon"]
[Result "1/2-1/2"]
[WhiteElo "1194"]
[BlackElo "1561"]
[PlyCount "67"]
[EventDate "2019.06.17"]
[EventType "swiss"]
[EventRounds "9"]
[EventCountry "RUS"]
[SourceTitle "EXT 2021"]
[Source "ChessBase"]
[SourceDate "2020.10.23"]
[SourceVersion "1"]
[SourceVersionDate "2020.10.23"]
[SourceQuality "1"]

1. e4 e6 2. d4 d5 3. e5 c5 4. c3 Nc6 5. Nf3 Qb6 6. Bd3 Bd7 7. 0-0 cxd4 8. cxd4 Nxd4 9. Nxd4 Qxd4 10. Nc3 Qb6 11. Na4 Qc6 12. Nc3 Ne7 13. Bd2 Qb6 14. b3 Ng6 15. Rc1 Nxe5 16. Be2 Bc5 17. Qc2 Rc8 18. Na4 Bxa4 19. Be3 Bb5 20. Bxc5 Qa6 21. Bxb5+ Qxb5 22. a4 Qd3 23. Qb2 Qf5 24. Bd6 Rxc1 25. Rxc1 Nd3 26. Qc2 f6 27. Rd1 Qxf2+ 28. Qxf2 Nxf2 29. Kxf2 Kd7 30. Bb4 Kc6 31. Ba3 Kd7 32. Bb4 Kc6 33. Ba3 Kd7 34. Bb4 1/2-1/2

[Event "Moscow Time of the First U13"]
[Site "Moscow"]
[Date "2019.06.20"]
[Round "5"]
[White "Asatryan, Leon"]
[Black "Kalashnikov, Mikhail"]
[Result "1/2-1/2"]
[WhiteElo "1561"]
[BlackElo "1220"]
[PlyCount "77"]
[EventDate "2019.06.17"]
[EventType "swiss"]
[EventRounds "9"]
[EventCountry "RUS"]
[SourceTitle "EXT 2021"]
[Source "ChessBase"]
[SourceDate "2020.10.23"]
[SourceVersion "1"]
[SourceVersionDate "2020.10.23"]
[SourceQuality "1"]

1. d4 Nf6 2. Nf3 g6 3. g3 Bg7 4. Bg2 0-0 5. 0-0 d5 6. c4 c6 7. Nbd2 Bf5 8. Qb3 b6 9. Ne5 dxc4 10. Qxc4 Be6 11. Qd3 Bd5 12. Ndf3 Nbd7 13. Be3 Qc7 14. Rac1 Be4 15. Qc3 Rac8 16. Qa3 Bxf3 17. Nxf3 Nd5 18. Rc2 Qd6 19. Qa4 Nxe3 20. fxe3 c5 21. Rfc1 Qe6 22. Qb3 Qxb3 23. axb3 Rc7 24. b4 Rb8 25. Nd2 Bh6 26. Kf2 Rbc8 27. bxc5 bxc5 28. b4 cxd4 29. Rxc7 dxe3+ 30. Kf1 Rxc7 31. Rxc7 Ne5 32. Nf3 Ng4 33. Rxa7 e5 34. h3 Nf2 35. Nxe5 Bg7 36. Nd3 Bd4 37. b5 Bxa7 38. Nb4 Nd1 39. Nd5 1/2-1/2

[Event "Moscow Time of the First U13"]
[Site "Moscow"]
[Date "2019.06.20"]
[Round "6"]
[White "Seredenko, Yury"]
[Black "Asatryan, Leon"]
[Result "0-1"]
[WhiteElo "1272"]
[BlackElo "1561"]
[PlyCount "86"]
[EventDate "2019.06.17"]
[EventType "swiss"]
[EventRounds "9"]
[EventCountry "RUS"]
[SourceTitle "EXT 2021"]
[Source "ChessBase"]
[SourceDate "2020.10.23"]
[SourceVersion "1"]
[SourceVersionDate "2020.10.23"]
[SourceQuality "1"]

1. b3 Nf6 2. Bb2 e6 3. e3 d5 4. Nf3 c5 5. Ne5 Bd6 6. f4 0-0 7. Be2 Nc6 8. Nxc6 bxc6 9. 0-0 a5 10. Nc3 Ba6 11. Ba3 c4 12. Bxd6 Qxd6 13. bxc4 Bxc4 14. Bxc4 dxc4 15. Qe2 Rfd8 16. Rad1 Qc5 17. Rf3 Rd7 18. Kh1 Rad8 19. Rg3 Qf5 20. Qxc4 Qxc2 21. h3 Rd3 22. Rf1 Qxd2 23. Ne4 Nxe4 24. Qxe4 Qxa2 25. Qxc6 Qd5 26. Qa4 Qc5 27. Ra1 Ra8 28. Rb1 Rc3 29. Rb5 Qc4 30. Qxc4 Rxc4 31. Rgg5 a4 32. Ra5 Rcc8 33. Rgc5 Rd8 34. Rab5 a3 35. Rb1 a2 36. Ra1 Rdb8 37. Kh2 Rb2 38. Kg3 Kf8 39. Kf3 Rb3 40. Rcc1 Rb2 41. Kg3 Rd8 42. Kg4 Rdd2 43. g3 Ke8 0-1

[Event "Moscow Time of the First U13"]
[Site "Moscow"]
[Date "2019.06.18"]
[Round "3"]
[White "Asatryan, Leon"]
[Black "Voronin, Nikita1111"]
[Result "1-0"]
[WhiteElo "1561"]
[BlackElo "1560"]
[PlyCount "149"]
[EventDate "2019.06.17"]
[EventType "swiss"]
[EventRounds "9"]
[EventCountry "RUS"]
[SourceTitle "EXT 2021"]
[Source "ChessBase"]
[SourceDate "2020.10.23"]
[SourceVersion "1"]
[SourceVersionDate "2020.10.23"]
[SourceQuality "1"]

1. d4 d5 2. Nf3 Nf6 3. g3 e6 4. Bg2 Be7 5. 0-0 0-0 6. c4 c6 7. Nc3 b6 8. Nd2 Bb7 9. e4 dxe4 10. Ndxe4 Nxe4 11. Bxe4 Nd7 12. Qd3 Nf6 13. Bf3 Qd7 14. Bf4 c5 15. Bxb7 Qxb7 16. d5 exd5 17. Nxd5 Nxd5 18. Qxd5 Qxd5 19. cxd5 Rfd8 20. Rad1 Bd6 21. Bxd6 Rxd6 22. Rd3 Rad8 23. Rfd1 f5 24. f3 Kf7 25. Kf2 Kf6 26. h4 Ke5 27. Re1+ Kf6 28. Red1 c4 29. Rd4 b5 30. f4 Re8 31. Kf3 h5 32. Rf1 a6 33. Rfd1 Red8 34. R1d2 R8d7 35. b3 cxb3 36. axb3 Ke7 37. Ke3 Kd8 38. Kf3 Kc7 39. Ke3 Kb6 40. Rd1 a5 41. R4d3 g6 42. Kf3 b4 43. Rd4 Rc7 44. Ke3 Kb5 45. R1d3 Rc2 46. Kf3 Kc5 47. Ke3 Kb5 48. Rd2 Rxd2 49. Rxd2 Kc5 50. Rc2+ Kxd5 51. Rc8 Rc6 52. Rd8+ Kc5 53. Ra8 Kb6 54. Rg8 Rc3+ 55. Kd4 Rxg3 56. Kc4 Rc3+ 57. Kd4 Rxb3 58. Rxg6+ Kb5 59. Rg5 Ka4 60. Rxf5 Rf3 61. Ke4 b3 62. Kxf3 b2 63. Rxh5 b1Q 64. Re5 Qh1+ 65. Kg4 Kb4 66. f5 Qf1 67. Re4+ Kb3 68. Rf4 Qg2+ 69. Kh5 Qg7 70. f6 Qf7+ 71. Kg5 a4 72. Rf3+ Kb4 73. Rf4+ Kb5 74. Rf3 Qd5+ 75. Rf5 1-0